Statistics for Most-Visited States or Countries by Barack Obama

Click here to take the quiz!

General Stats

  • This quiz has been taken 1,764 times
  • The average score is 14 of 21

Answer Stats

Times VisitedState% Correct
6France
89%
5United Kingdom
89%
3Canada
84%
6Germany
84%
25California
83%
5Mexico
83%
40New York
82%
3China
79%
30Florida
78%
4Japan
77%
26Illinois
64%
4South Korea
64%
26Virginia
61%
19Ohio
60%
27Pennsylvania
58%
32Maryland
56%
15Michigan
56%
16North Carolina
51%
3Poland
44%
4Saudi Arabia
44%
4Afghanistan
21%

Score Distribution

Percentile by Number Answered

Percent of People with Each Score

Your Score History

You have not taken this quiz